| 000 | 00402nam a22001337a 4500 | ||
|---|---|---|---|
| 020 | _qPB. | ||
| 040 | _cFIZZA ISHAQ | ||
| 082 |
_a027.626 _bBAR |
||
| 100 |
_aSTRIPLING,K.BARBARA. _9133460 |
||
| 245 |
_aLEARNING AND LIBRARIES IN AN INFORMATION AGE PRINCIPLES AND PRACTICE / _cBARBARA K.STRIPLING. |
||
| 260 |
_aNEW YORK ; _bLIBRARIES UNLIMITED, _c1999. |
||
| 300 |
_a375 P. ; _c9.1X6IN |
||
| 942 |
_2ddc _cBK |
||
| 999 |
_c616417 _d616417 |
||